[Event "France Jeunes Belfort 2017"]
[Site "Belfort"]
[Date "2017.04.18"]
[Round "4.3"]
[White "Kieffer, Anatole"]
[Black "Pillard, Valentin"]
[Result "1-0"]
[WhiteElo "2263"]
[BlackElo "1981"]
[PlyCount "55"]
[EventDate "2017.??.??"]
[TimeControl "6000+1290"]
[WhiteClock "0:37:02"]
[BlackClock "0:01:19"]

1. e4 e6 2. d4 d5 3. Nd2 Nf6 4. e5 Nfd7 5. Bd3 c5 6. c3 Nc6 7. Ne2 cxd4 8. cxd4
f6 9. exf6 Nxf6 10. Nf3 Bd6 11. O-O O-O 12. Bf4 Bxf4 13. Nxf4 Qd6 14. g3 e5 15.
dxe5 Nxe5 16. Nxe5 Qxe5 17. Qb3 Kh8 18. Rfe1 Qd6 19. Bf1 g5 20. Nd3 Be6 21. Bg2
Rfe8 22. Re5 h6 23. Rae1 Rad8 24. Qxb7 Rd7 25. Qb4 Kg8 26. Qd4 Rde7 27. h4 g4
28. Qf4 1-0

[Event "France Jeunes Belfort 2017"]
[Site "Belfort"]
[Date "2017.04.18"]
[Round "4.3"]
[White "Lamard, Guillaume"]
[Black "Bouvet, Florian"]
[Result "1-0"]
[WhiteElo "2307"]
[BlackElo "2183"]
[PlyCount "63"]
[EventDate "2017.??.??"]
[TimeControl "6000+675"]
[WhiteClock "0:27:40"]
[BlackClock "0:12:34"]

1. c4 e5 2. g3 g6 3. Nc3 Bg7 4. Bg2 d6 5. Nf3 Ne7 6. O-O O-O 7. d4 exd4 8. Nxd4
Nbc6 9. Nxc6 Nxc6 10. Bd2 Re8 11. Re1 a5 12. Rc1 Be6 13. b3 Qc8 14. Nd5 Nb4 15.
a3 Bxd5 16. cxd5 Na6 17. Bxa5 Nc5 18. Bb4 Bb2 19. Rc2 Bxa3 20. Bc3 Ne4 21. Bxe4
Rxe4 22. Qd3 Qe8 23. Ra1 Ra6 24. Bf6 Bc5 25. Rxa6 bxa6 26. Qxa6 Rb4 27. Qd3 Qb8
28. Ra2 h5 29. Ba1 h4 30. e3 h3 31. Qf1 Qc8 32. Qxh3 1-0

[Event "France Jeunes Belfort 2017"]
[Site "Belfort"]
[Date "2017.04.18"]
[Round "4.3"]
[White "Sumarriva Paulin, Laura"]
[Black "Sarazin, Amelie"]
[Result "0-1"]
[WhiteElo "1521"]
[BlackElo "1402"]
[PlyCount "43"]
[EventDate "2017.??.??"]
[TimeControl "6000+1085"]
[WhiteClock "0:09:03"]
[BlackClock "0:09:07"]

1. d4 c5 2. e3 cxd4 3. exd4 e6 4. c4 g6 5. Nc3 Bg7 6. Nf3 Ne7 7. Bf4 a6 8. d5
exd5 9. cxd5 Bxc3+ 10. bxc3 O-O 11. Be2 Qa5 12. d6 Nf5 13. Qd3 b5 14. Nd4 Ng7
15. O-O Bb7 16. Bf3 Qb6 17. Be3 Bxf3 18. Nxf3 Qd8 19. Bg5 Qb6 20. Ne5 Qc5 21.
Qe4 Ra7 22. Be3 0-1

[Event "France Jeunes Belfort 2017"]
[Site "Belfort"]
[Date "2017.04.18"]
[Round "4.3"]
[White "Viel, Simon"]
[Black "Bournel, Antoine"]
[Result "1/2-1/2"]
[WhiteElo "2220"]
[BlackElo "1933"]
[PlyCount "124"]
[EventDate "2017.??.??"]
[TimeControl "6000+1200"]
[WhiteClock "0:02:40"]
[BlackClock "0:03:22"]

1. e4 c5 2. Nf3 g6 3. c3 Bg7 4. d4 cxd4 5. cxd4 d5 6. exd5 Nf6 7. Bb5+ Bd7 8.
Bc4 O-O 9. O-O b5 10. Bb3 Bf5 11. Qe2 a6 12. Nc3 Ra7 13. Bf4 b4 14. Na4 Be4 15.
Bxb8 Qxb8 16. Ne5 Qd6 17. Nc6 Rc7 18. Nc5 Bxd5 19. Nxb4 Bxb3 20. axb3 Qxd4 21.
Ncxa6 Rb7 22. Rfd1 Qb6 23. Nd3 e6 24. b4 Nd5 25. Qe4 Ra7 26. Nac5 Rfa8 27. Rxa7
Rxa7 28. Qc4 Rc7 29. Rc1 Bh6 30. Rc2 Qa7 31. h3 Qa1+ 32. Kh2 Bf8 33. b5 Bd6+
34. g3 h5 35. Qb3 Qa7 36. Ne4 Be7 37. Rc6 Qb7 38. Qc4 h4 39. Nc3 hxg3+ 40. fxg3
Ne3 41. Qe4 Nf5 42. Ne5 Bd6 43. b6 Bxe5 44. bxc7 Bxg3+ 45. Kg2 Bxc7 46. b4 Ne3+
47. Kf3 Nf5 48. b5 Ba5 49. Qc4 Qa7 50. Qc5 Nd4+ 51. Kg2 Nxc6 52. Qxc6 Bxc3 53.
Qxc3 Qa2+ 54. Kg3 Qd5 55. Qc6 Qd3+ 56. Kf4 Qd4+ 57. Kf3 Qd3+ 58. Kf2 Qd2+ 59.
Kg3 Qe3+ 60. Kg2 Qe2+ 61. Kg1 Qe1+ 62. Kh2 Qe5+ 1/2-1/2

[Event "France Jeunes Belfort 2017"]
[Site "Belfort"]
[Date "2017.04.18"]
[Round "4.4"]
[White "Baudry, Remi"]
[Black "Viennot, Dylan"]
[Result "0-1"]
[WhiteElo "1940"]
[BlackElo "2263"]
[PlyCount "46"]
[EventDate "2017.??.??"]
[TimeControl "6000+1755"]
[WhiteClock "0:16:05"]
[BlackClock "0:22:19"]

1. e4 e6 2. d4 d5 3. Nd2 Nc6 4. Ngf3 Nf6 5. e5 Nd7 6. c3 f6 7. exf6 Qxf6 8. Bd3
Bd6 9. O-O O-O 10. Nb3 h6 11. Bc2 a5 12. a4 b6 13. Re1 Ba6 14. Bd3 Bb7 15. Bb5
e5 16. dxe5 Ncxe5 17. Nbd4 c6 18. Be2 Rae8 19. Rb1 c5 20. Nb5 Bb8 21. Bd2 Nxf3+
22. Bxf3 Ne5 23. Rxe5 Qxe5 0-1

[Event "France Jeunes Belfort 2017"]
[Site "Belfort"]
[Date "2017.04.18"]
[Round "4.4"]
[White "Bergougnoux, Axel"]
[Black "Verin, Jules"]
[Result "1-0"]
[WhiteElo "2194"]
[BlackElo "1757"]
[PlyCount "81"]
[EventDate "2017.??.??"]
[TimeControl "6000+1200"]
[WhiteClock "0:31:00"]
[BlackClock "0:08:41"]

1. e4 c6 2. d4 d5 3. Nd2 g6 4. c3 Bg7 5. Ngf3 Bg4 6. h3 Bxf3 7. Qxf3 e6 8. g3
Ne7 9. Bg2 Nd7 10. O-O O-O 11. Re1 a5 12. Nf1 Rc8 13. Bg5 h6 14. Bxe7 Qxe7 15.
exd5 c5 16. dxe6 fxe6 17. Qe4 cxd4 18. cxd4 Qf6 19. Re2 Rc4 20. Rd1 Nc5 21. Qb1
Rxd4 22. Rxd4 Qxd4 23. Qxg6 b6 24. b3 Kh8 25. Be4 Nxe4 26. Qxe4 Qxe4 27. Rxe4
Rc8 28. Ne3 Rc1+ 29. Kg2 Ra1 30. Rxe6 b5 31. Nf5 Rxa2 32. Re8+ Kh7 33. Re7 Kg6
34. Nxg7 Rb2 35. Ne8 Rxb3 36. g4 Kg5 37. Rf7 Rb4 38. Kg3 Rb3+ 39. f3 h5 40.
Rg7+ Kh6 41. g5# 1-0

[Event "France Jeunes Belfort 2017"]
[Site "Belfort"]
[Date "2017.04.18"]
[Round "4.4"]
[White "Bouslimi, Nabil"]
[Black "Degraeve, Remy"]
[Result "0-1"]
[WhiteElo "2003"]
[BlackElo "2126"]
[PlyCount "60"]
[EventDate "2017.??.??"]
[TimeControl "6000+1060"]
[WhiteClock "0:57:24"]
[BlackClock "0:33:39"]

1. d4 d6 2. Nf3 g6 3. c4 Bg7 4. Nc3 c5 5. dxc5 Bxc3+ 6. bxc3 dxc5 7. Qxd8+ Kxd8
8. Ng5 Ke8 9. Ne4 Nd7 10. Be3 b6 11. g3 f5 12. Nd2 Bb7 13. f3 e5 14. Bg2 Ngf6
15. O-O Rd8 16. Rfd1 Kf7 17. Bg5 h6 18. Bxf6 Nxf6 19. e4 Rd3 20. Kf2 Rhd8 21.
Ke2 Rxc3 22. exf5 gxf5 23. Bh3 f4 24. Bf5 Bc6 25. g4 Ba4 26. h4 Bxd1+ 27. Rxd1
Ra3 28. Bb1 e4 29. fxe4 f3+ 30. Ke1 Nxg4 0-1

[Event "France Jeunes Belfort 2017"]
[Site "Belfort"]
[Date "2017.04.18"]
[Round "4.4"]
[White "Cavailles, Evan"]
[Black "Papadiamandis, Elliot"]
[Result "0-1"]
[WhiteElo "1694"]
[BlackElo "1944"]
[PlyCount "134"]
[EventDate "2017.??.??"]
[TimeControl "6000+1025"]
[WhiteClock "0:08:20"]
[BlackClock "0:41:36"]

1. e4 c5 2. Nf3 d6 3. Bb5+ Bd7 4. Bxd7+ Qxd7 5. Nc3 Nc6 6. d3 e6 7. Be3 Nf6 8.
O-O Be7 9. h3 O-O 10. Qd2 Rab8 11. a4 b6 12. Rfe1 a6 13. Bg5 b5 14. axb5 axb5
15. e5 dxe5 16. Nxe5 Nxe5 17. Rxe5 Qd4 18. Bxf6 Bxf6 19. Re4 Qd7 20. Nd1 c4 21.
d4 Ra8 22. Rxa8 Rxa8 23. Qc1 Bxd4 24. Qd2 Bxf2+ 25. Qxf2 Qxd1+ 26. Re1 Qd5 27.
Rf1 Qd7 28. Qf3 Rd8 29. Kh1 h6 30. Qf2 f6 31. Ra1 Qd6 32. Ra7 Qd4 33. Qxd4 Rxd4
34. Rb7 Rd5 35. Kh2 Kh7 36. Kg3 Rd2 37. Rxb5 Rxc2 38. Rb7 Kg6 39. Kf3 h5 40. g3
Kf5 41. h4 e5 42. Ke3 g6 43. Rb6 g5 44. b4 cxb3 45. Rxb3 gxh4 46. gxh4 Rc4 47.
Rb1 Rxh4 48. Rf1+ Rf4 49. Rg1 h4 50. Rg2 h3 51. Rg1 h2 52. Rh1 Rh4 53. Kf3 e4+
54. Kg3 Kg5 55. Kf2 Kf4 56. Kg2 Kg4 57. Rf1 h1=Q+ 58. Rxh1 Rxh1 59. Kxh1 f5 60.
Kg2 f4 61. Kf2 e3+ 62. Ke2 Kg3 63. Kd3 Kf2 64. Ke4 f3 65. Kd5 e2 66. Kd4 e1=Q
67. Kd5 Qe3 0-1

[Event "France Jeunes Belfort 2017"]
[Site "Belfort"]
[Date "2017.04.18"]
[Round "4.4"]
[White "Collongues, Jade"]
[Black "Amr-Tardif, Corail"]
[Result "0-1"]
[WhiteElo "1030"]
[BlackElo "1474"]
[PlyCount "70"]
[EventDate "2017.??.??"]
[TimeControl "6000+735"]
[WhiteClock "0:41:03"]
[BlackClock "0:40:20"]

1. e4 c5 2. Nf3 d6 3. Nc3 Nf6 4. d3 g6 5. Be2 Bg7 6. O-O O-O 7. Bg5 Nc6 8. Qd2
d5 9. Bxf6 Bxf6 10. exd5 Nb4 11. d4 cxd4 12. Nxd4 Bxd4 13. a3 Bxc3 14. Qxc3
Nxd5 15. Qc4 Nf6 16. Rfd1 Qb6 17. b3 Qe6 18. Qxe6 Bxe6 19. h3 b6 20. Rd4 Rac8
21. c4 Rfd8 22. Rf4 Rd2 23. Bf3 Rb2 24. Re1 Rc7 25. Re3 b5 26. a4 bxc4 27. bxc4
Rb4 28. a5 Ra4 29. Be2 Rxa5 30. Rc3 Rac5 31. Rc2 Ne8 32. Bg4 Bxg4 33. hxg4 Nd6
34. Rc3 Rxc4 35. Rcxc4 Rxc4 0-1

[Event "France Jeunes Belfort 2017"]
[Site "Belfort"]
[Date "2017.04.18"]
[Round "4.4"]
[White "Ferrari, Louis"]
[Black "Laurent-Paoli, Pierre"]
[Result "0-1"]
[WhiteElo "2024"]
[BlackElo "2298"]
[PlyCount "92"]
[EventDate "2017.??.??"]
[TimeControl "6000+1690"]
[WhiteClock "0:00:36"]
[BlackClock "0:07:00"]

1. Nf3 c5 2. g3 Nc6 3. Bg2 g6 4. O-O Bg7 5. d3 d6 6. Nbd2 e5 7. e4 Nge7 8. Re1
O-O 9. c3 h6 10. Nf1 d5 11. Ne3 Be6 12. exd5 Nxd5 13. Nc4 Qc7 14. Qe2 Rfe8 15.
Nfxe5 Nxe5 16. Nxe5 Bxe5 17. Qxe5 Bd7 18. Qxe8+ Rxe8 19. Rxe8+ Bxe8 20. Bxd5
Bc6 21. Bxc6 Qxc6 22. Bxh6 Qb5 23. Rb1 Qxd3 24. Re1 Qd5 25. Be3 Qxa2 26. Re2 b6
27. Rd2 Qb1+ 28. Kg2 Qe4+ 29. Kg1 Qe7 30. h4 f6 31. Kh2 Kf7 32. Bf4 a5 33. Rd5
Qe6 34. Rd2 Qb3 35. Rd7+ Ke6 36. Rd6+ Ke7 37. Rd2 a4 38. Re2+ Kf7 39. Bd6 Qb5
40. Rd2 Qc4 41. Bc7 Qb3 42. Re2 Qd1 43. Re4 Qc2 44. Rf4 Qxb2 45. Bd8 a3 46.
Bxf6 a2 0-1

[Event "France Jeunes Belfort 2017"]
[Site "Belfort"]
[Date "2017.04.18"]
[Round "4.4"]
[White "Guerin, Juliette"]
[Black "Chachiachvili, Mariam"]
[Result "1/2-1/2"]
[WhiteElo "1945"]
[BlackElo "1694"]
[PlyCount "105"]
[EventDate "2017.??.??"]
[TimeControl "6000+1280"]
[WhiteClock "0:01:08"]
[BlackClock "0:05:54"]

1. e4 e5 2. Nf3 Nc6 3. d4 exd4 4. Nxd4 Nf6 5. Nxc6 bxc6 6. Qe2 Bc5 7. e5 Nd5 8.
c4 Nb6 9. Qg4 Rg8 10. Qe4 Qe7 11. Bd3 Bb7 12. O-O O-O-O 13. a3 Qe6 14. b4 Be7
15. c5 Nd5 16. Bd2 d6 17. cxd6 cxd6 18. exd6 Qxe4 19. Bxe4 Bxd6 20. Nc3 Nxc3
21. Bxc3 Rde8 22. Bxh7 Bxh2+ 23. Kh1 Rh8 24. Bf5+ Kc7 25. Bxg7 Be5+ 26. Bxh8
Rxh8+ 27. Kg1 Bh2+ 28. Kh1 Be5+ 29. Bh3 Bxa1 30. Rxa1 Bc8 31. Kh2 Be6 32. Kg3
Bd5 33. f3 Re8 34. Kf2 Bc4 35. f4 Re2+ 36. Kf3 Rd2 37. Ke3 Rc2 38. Kd4 Bd5 39.
Kd3 Rb2 40. Kd4 Bxg2 41. Bxg2 Rxg2 42. Ke5 Rg6 43. f5 Rd6 44. f6 Kd7 45. Ra2
Rd5+ 46. Ke4 Ke6 47. Rf2 Re5+ 48. Kd4 Rf5 49. Rc2 Kd6 50. Rc3 Rxf6 51. Rc5 Re6
52. Ra5 Re7 53. Rf5 1/2-1/2

[Event "France Jeunes Belfort 2017"]
[Site "Belfort"]
[Date "2017.04.18"]
[Round "4.4"]
[White "Romas, Lionia"]
[Black "Donias, Orlane"]
[Result "1/2-1/2"]
[WhiteElo "1655"]
[BlackElo "1729"]
[PlyCount "89"]
[EventDate "2017.??.??"]
[TimeControl "6000+890"]
[WhiteClock "0:04:18"]
[BlackClock "0:11:04"]

1. e4 e5 2. Nf3 Nc6 3. Bc4 Bc5 4. b4 Bxb4 5. c3 Be7 6. d4 Na5 7. Bd3 exd4 8.
O-O d6 9. cxd4 Nc6 10. Bb2 Nf6 11. Qc2 Bd7 12. a3 h6 13. Re1 O-O 14. e5 Nd5 15.
Nc3 Be6 16. Nxd5 Bxd5 17. Re3 Bxf3 18. Rxf3 dxe5 19. dxe5 Nd4 20. Bxd4 Qxd4 21.
Rd1 Qxe5 22. Rf5 Qe6 23. Bc4 Qc6 24. Qb3 Bf6 25. Rb5 Rab8 26. Bd5 Qc3 27. Qxc3
Bxc3 28. Rxb7 Rxb7 29. Bxb7 Re8 30. Kf1 c5 31. f3 Bd4 32. a4 Re7 33. Ba6 g6 34.
Re1 Kf8 35. Rxe7 Kxe7 36. Ke2 Kd6 37. Bc4 f6 38. Bf7 g5 39. Bc4 h5 40. Kd3 Ke5
41. h3 h4 42. Bb5 Kf4 43. Ke2 Kg3 44. Kf1 Kf4 45. Ke2 1/2-1/2

[Event "France Jeunes Belfort 2017"]
[Site "Belfort"]
[Date "2017.04.18"]
[Round "4.4"]
[White "Thomas, Amaryllis"]
[Black "Geronne, Lou Andrea"]
[Result "1-0"]
[WhiteElo "1695"]
[BlackElo "1312"]
[PlyCount "105"]
[EventDate "2017.??.??"]
[TimeControl "6000+585"]
[WhiteClock "0:13:45"]
[BlackClock "0:03:31"]

1. e4 e5 2. Nf3 Nc6 3. d4 exd4 4. Nxd4 Nf6 5. Nxc6 bxc6 6. e5 Nd5 7. c4 Nb6 8.
Bd3 Be7 9. O-O d6 10. Re1 Be6 11. Qc2 Nd7 12. exd6 Bxd6 13. Bf5 Qf6 14. Qe4 Qe5
15. f4 Qxe4 16. Bxe4 O-O 17. Bxc6 Rad8 18. b3 Nf6 19. Ba3 Bxa3 20. Nxa3 a6 21.
Rad1 Nh5 22. g3 Bg4 23. Rd5 Nf6 24. Ra5 Rd2 25. Nb1 Rd6 26. Bg2 Rfd8 27. Nc3
Be6 28. Ne4 Nxe4 29. Bxe4 h6 30. Bb7 Bc8 31. Bd5 Be6 32. Bxe6 fxe6 33. Kf2 Kf7
34. Kf3 Ra8 35. b4 Rd4 36. Rc1 Rd2 37. h3 Rdd8 38. Re1 Kf6 39. Rc5 Rd7 40. Rc6
Re7 41. Re5 Rb8 42. a3 Rb6 43. Rec5 Rd7 44. Ke4 Re7 45. Rxc7 Rxc7 46. Rxc7 Rb8
47. g4 Ra8 48. h4 g5 49. fxg5+ hxg5 50. h5 Rb8 51. Ra7 Rb6 52. c5 Rc6 53. h6
1-0

[Event "France Jeunes Belfort 2017"]
[Site "Belfort"]
[Date "2017.04.18"]
[Round "4.5"]
[White "Lever, Erwan"]
[Black "Auvray, Honorine"]
[Result "1/2-1/2"]
[WhiteElo "2129"]
[BlackElo "1953"]
[PlyCount "67"]
[EventDate "2017.??.??"]
[TimeControl "6000+1235"]
[WhiteClock "0:05:24"]
[BlackClock "0:08:13"]

1. Nf3 g6 2. g3 Bg7 3. Bg2 e5 4. d3 Ne7 5. O-O d6 6. e4 O-O 7. c3 Nd7 8. Nbd2
h6 9. a4 f5 10. Nc4 fxe4 11. dxe4 Nc5 12. Qe2 Be6 13. b4 Nxa4 14. Rxa4 b5 15.
Nxd6 cxd6 16. Qxb5 Bd7 17. Qc4+ d5 18. exd5 Bxa4 19. d6+ Kh7 20. dxe7 Qxe7 21.
Qa6 Qd7 22. Qe2 Rae8 23. Qe3 Bc6 24. h4 Qb7 25. Ne1 Bxg2 26. Nxg2 Rf3 27. Qe1
e4 28. Be3 Qc7 29. Nf4 Be5 30. Qd2 Bxc3 31. Rc1 Qxf4 32. Rxc3 Qe5 33. Rc5 Qg7
34. Bf4 1/2-1/2

[Event "France Jeunes Belfort 2017"]
[Site "Belfort"]
[Date "2017.04.18"]
[Round "4.6"]
[White "Daeschler, Florian"]
[Black "Simon, Antoine"]
[Result "1-0"]
[WhiteElo "2124"]
[BlackElo "1947"]
[PlyCount "104"]
[EventDate "2017.??.??"]
[TimeControl "6000+1835"]
[WhiteClock "0:08:14"]
[BlackClock "0:00:58"]

1. Nf3 Nf6 2. g3 c5 3. Bg2 g6 4. O-O Bg7 5. c4 O-O 6. Nc3 Nc6 7. d4 cxd4 8.
Nxd4 Nxd4 9. Qxd4 d6 10. Bg5 h6 11. Bxf6 Bxf6 12. Qe3 Bxc3 13. Qxc3 Qc7 14.
Rac1 Be6 15. Qe3 Kh7 16. Rfd1 Qb6 17. Qd2 Rac8 18. b3 Rc5 19. Qe3 Rfc8 20. Rb1
Qc7 21. Rd4 Re5 22. Qd2 Kg7 23. Qb2 Kf8 24. Rh4 f6 25. Rxh6 Kg7 26. Rh4 g5 27.
Re4 b6 28. Rxe5 dxe5 29. Rd1 Rd8 30. Rxd8 Qxd8 31. Qc2 Qd4 32. h3 Bf7 33. e3
Qd7 34. b4 Bg6 35. Be4 f5 36. Bd3 e4 37. Bf1 f4 38. Qc3+ Kh7 39. Qe5 fxe3 40.
fxe3 Bf5 41. g4 Bg6 42. Qxg5 Qd6 43. c5 Qg3+ 44. Bg2 Qe1+ 45. Kh2 Qxb4 46.
Qxe7+ Kh6 47. Qh4+ Kg7 48. cxb6 axb6 49. Qg3 Qc4 50. h4 b5 51. h5 Bh7 52. Qe5+
Kf7 1-0

[Event "France Jeunes Belfort 2017"]
[Site "Belfort"]
[Date "2017.04.19"]
[Round "5.1"]
[White "Amr-Tardif, Corail"]
[Black "Nguyen, Thao Nhi"]
[Result "0-1"]
[WhiteElo "1474"]
[BlackElo "1691"]
[PlyCount "86"]
[EventDate "2017.??.??"]
[TimeControl "6000+1485"]
[WhiteClock "0:05:06"]
[BlackClock "0:09:10"]

1. e4 Nf6 2. Nc3 d5 3. exd5 Nxd5 4. Bc4 Nb6 5. Bb3 Bf5 6. Qf3 Qc8 7. Nd5 e6 8.
Ne3 Bg6 9. h4 h6 10. h5 Bh7 11. Ne2 Nc6 12. d4 Na5 13. Bd2 Nxb3 14. axb3 c6 15.
O-O Bd6 16. Qg4 O-O 17. c4 Nd7 18. c5 Nf6 19. Qf3 Ne4 20. Nc4 Bc7 21. Nc3 Nf6
22. Bxh6 Qd8 23. Be3 Bf5 24. Ne5 Nd7 25. Nxd7 Qxd7 26. b4 Qe7 27. Bf4 Rfd8 28.
Rfd1 b6 29. Rd2 bxc5 30. bxc5 e5 31. Be3 Bh7 32. Rad1 e4 33. Qg4 Re8 34. h6 Bg6
35. hxg7 Kxg7 36. f4 exf3 37. gxf3 Qxe3+ 38. Kf1 Rh8 39. Qg2 Rh2 40. Qg1 Qxf3+
41. Rf2 Qh3+ 42. Ke2 Re8+ 43. Kd2 Qe3# 0-1

[Event "France Jeunes Belfort 2017"]
[Site "Belfort"]
[Date "2017.04.19"]
[Round "5.1"]
[White "Belluire, Beatrice"]
[Black "Rollot, Florence"]
[Result "0-1"]
[WhiteElo "1786"]
[BlackElo "1973"]
[PlyCount "62"]
[EventDate "2017.??.??"]
[TimeControl "6000+1020"]
[WhiteClock "0:00:42"]
[BlackClock "0:16:29"]

1. e4 c5 2. Nf3 d6 3. Bb5+ Nd7 4. d4 Ngf6 5. Nc3 cxd4 6. Qxd4 a6 7. Bxd7+ Bxd7
8. O-O e5 9. Qd3 Be7 10. h3 O-O 11. Be3 Rc8 12. a4 Be6 13. Rfe1 h6 14. a5 Qd7
15. Nd2 Qc6 16. Rac1 Bd8 17. Ra1 d5 18. exd5 Nxd5 19. Ndb1 Nb4 20. Qe2 Bf5 21.
Rc1 Qg6 22. Na3 Bxa5 23. Nc4 Bc7 24. Bc5 Nxc2 25. Bxf8 Nxa1 26. Rxa1 Rxf8 27.
Nxe5 Bxe5 28. Qxe5 Rd8 29. Nd5 Qe6 30. Ne7+ Kh8 31. Nxf5 Qxe5 0-1

[Event "France Jeunes Belfort 2017"]
[Site "Belfort"]
[Date "2017.04.19"]
[Round "5.1"]
[White "Burri, Quentin"]
[Black "Bergougnoux, Axel"]
[Result "0-1"]
[WhiteElo "2372"]
[BlackElo "2194"]
[PlyCount "120"]
[EventDate "2017.??.??"]
[TimeControl "6000+1200"]
[WhiteClock "0:12:17"]
[BlackClock "0:01:57"]

1. e4 e5 2. Nf3 Nc6 3. Bb5 Bc5 4. O-O Nd4 5. b4 Bxb4 6. Nxd4 exd4 7. Bb2 Bc5 8.
c3 Ne7 9. cxd4 Bb6 10. d5 O-O 11. d6 Ng6 12. Qg4 cxd6 13. Bc4 Ne5 14. Qg3 Qf6
15. Bd5 Nf3+ 16. Qxf3 Qxb2 17. Nc3 Qxd2 18. Rad1 Qg5 19. Na4 Bd8 20. Qa3 Qf6
21. Nb2 a5 22. Nc4 Bc7 23. f4 Ra6 24. e5 dxe5 25. fxe5 Qg5 26. Qxf8+ Kxf8 27.
Rxf7+ Ke8 28. Rdf1 Rf6 29. exf6 Qxd5 30. Rxg7 Qd4+ 31. Kh1 Kf8 32. Rxh7 Qd3 33.
Rh8+ Kf7 34. Ne3 Bb6 35. Rd1 Qxe3 36. Rxc8 Kxf6 37. Rc2 Bc5 38. Rcc1 d5 39.
Rf1+ Kg7 40. Rfe1 Qf2 41. Rf1 Qe2 42. Rfe1 Qb5 43. Re5 Qd3 44. Ree1 b6 45. Rf1
Qd2 46. Rcd1 Qe2 47. Rde1 Qc4 48. Rf3 Bd6 49. Ref1 d4 50. Rf5 Qe6 51. h3 d3 52.
Rg5+ Kh6 53. Rg4 Be7 54. Rd4 Qe3 55. Rd7 d2 56. Kh2 Qe5+ 57. Kh1 Bd6 58. Kg1
Qh2+ 59. Kf2 Qf4+ 60. Ke2 Qxf1+ 0-1

[Event "France Jeunes Belfort 2017"]
[Site "Belfort"]
[Date "2017.04.19"]
[Round "5.1"]
[White "Degraeve, Remy"]
[Black "Bacrot, Alexandre"]
[Result "1-0"]
[WhiteElo "2126"]
[BlackElo "2143"]
[PlyCount "75"]
[EventDate "2017.??.??"]
[TimeControl "6000+1380"]
[WhiteClock "0:01:58"]
[BlackClock "0:01:05"]

1. d4 d5 2. Bf4 Nf6 3. e3 e6 4. Nf3 Be7 5. Nbd2 O-O 6. h3 Nbd7 7. Bd3 b6 8. Ne5
Bb7 9. O-O c5 10. c3 Nxe5 11. dxe5 Ne4 12. Nf3 h5 13. Nh2 h4 14. Qg4 c4 15.
Bxe4 dxe4 16. Bh6 g6 17. Bxf8 Qxf8 18. Qe2 Bd5 19. Ng4 Qg7 20. b3 Rc8 21. Qd2
a5 22. Rab1 b5 23. Rfc1 Kh8 24. bxc4 Bxc4 25. a4 Rd8 26. Qb2 bxa4 27. Qb6 Qf8
28. Qxa5 a3 29. Rb7 a2 30. Nf6 Rb8 31. Qb6 Ra8 32. Ra7 Rb8 33. Qd4 Rb1 34. Qd1
Qb8 35. Rxe7 Rxc1 36. Qxc1 Qb1 37. Rxf7 Qxc1+ 38. Kh2 1-0

[Event "France Jeunes Belfort 2017"]
[Site "Belfort"]
[Date "2017.04.19"]
[Round "5.1"]
[White "Eugene, Floryan"]
[Black "Philippe, Guillaume"]
[Result "0-1"]
[WhiteElo "2271"]
[BlackElo "2307"]
[PlyCount "152"]
[EventDate "2017.??.??"]
[TimeControl "6000+1135"]
[WhiteClock "0:00:33"]
[BlackClock "0:09:55"]

1. e4 c5 2. Nf3 e6 3. d4 cxd4 4. Nxd4 a6 5. c4 Nf6 6. Nc3 Qc7 7. a3 b6 8. Be3
Bb7 9. f3 Be7 10. Be2 d6 11. Rc1 Nbd7 12. O-O O-O 13. Qe1 Rfe8 14. Qf2 Rac8 15.
Rfd1 Qb8 16. b4 Bd8 17. Kh1 Bc7 18. Qg1 Rcd8 19. Rd2 d5 20. cxd5 exd5 21. Nxd5
Nxd5 22. exd5 Nf6 23. Nc6 Bxc6 24. Rxc6 Rxd5 25. Bc4 Bxh2 26. Qxh2 Rh5 27.
Bxf7+ Kxf7 28. Rxf6+ Kxf6 29. Qxh5 Rxe3 30. Qh4+ Kg6 31. f4 h6 32. f5+ Kh7 33.
f6 Qe5 34. Rd1 Re4 35. Qh3 Qxf6 36. Qd3 Qg6 37. Qf3 b5 38. Rd5 Rg4 39. Kh2 Rh4+
40. Kg1 Rc4 41. Kh2 Rc2 42. Kh1 Ra2 43. Rc5 Ra1+ 44. Kh2 Qd6+ 45. g3 Ra2+ 46.
Kh3 Qe6+ 47. g4 Qg6 48. Rc6 Rxa3 49. Qxa3 Qxc6 50. Qd3+ Kg8 51. Qd8+ Kf7 52.
Qd4 Qc4 53. Qa7+ Kg8 54. Qxa6 Qxb4 55. Qe6+ Kf8 56. Qc8+ Ke7 57. Qc7+ Kf6 58.
Qc6+ Ke5 59. Qc7+ Kd5 60. Qf7+ Kc5 61. Qxg7 Qf4 62. Qe7+ Kc4 63. Qe2+ Kb4 64.
Qe1+ Kb3 65. Qd1+ Kc3 66. Qa1+ Kc4 67. Qa2+ Kc5 68. Qc2+ Kb6 69. Qd3 b4 70.
Qd8+ Kc5 71. Qa5+ Kc4 72. Qa2+ Kc3 73. Qa1+ Kd2 74. Qb2+ Kd1 75. Qb1+ Ke2 76.
Qa1 Qf1+ 0-1

[Event "France Jeunes Belfort 2017"]
[Site "Belfort"]
[Date "2017.04.19"]
[Round "5.1"]
[White "Kambrath, Yannick"]
[Black "Viennot, Dylan"]
[Result "1/2-1/2"]
[WhiteElo "2341"]
[BlackElo "2263"]
[PlyCount "124"]
[EventDate "2017.??.??"]
[TimeControl "6000+805"]
[WhiteClock "0:01:55"]
[BlackClock "0:01:26"]

1. c4 e6 2. Nf3 d5 3. b3 d4 4. e3 c5 5. g3 Nc6 6. exd4 cxd4 7. Bg2 Bd6 8. O-O
Nge7 9. d3 e5 10. Na3 f6 11. Nc2 a6 12. Nd2 O-O 13. Ne4 Bf5 14. f4 Bxe4 15.
Bxe4 exf4 16. gxf4 f5 17. Bg2 Qc7 18. b4 Ng6 19. Qd2 Rad8 20. Rb1 Nh4 21. Bd5+
Kh8 22. Qf2 Be7 23. Nxd4 Nxd4 24. Qxd4 Rf6 25. Bb2 Rg6+ 26. Kh1 Bxb4 27. Qf2
Rxd5 28. cxd5 Qa5 29. Qd4 h6 30. Rbc1 Be7 31. Rf2 Bf6 32. Qc5 Qa4 33. Bxf6 Rxf6
34. d6 Kh7 35. Rg1 Qd7 36. Qc7 Rxd6 37. Qxd7 Rxd7 38. Rd1 Rd4 39. Rc2 b5 40.
Rf2 Kg6 41. Kg1 Kf6 42. Rc2 Rxf4 43. Rc6+ Ke5 44. Rxa6 Rb4 45. Ra3 Rb2 46. d4+
Kd5 47. Rb3 Rxb3 48. axb3 f4 49. Kf2 Nf5 50. Kf3 g5 51. Rd2 b4 52. Kg4 Nxd4 53.
h4 Ke4 54. hxg5 hxg5 55. Rd1 Ke3 56. Re1+ Kd2 57. Re5 f3 58. Kg3 Kc3 59. Rxg5
Kxb3 60. Rc5 Ne6 61. Rb5 Nd4 62. Rc5 Ne6 1/2-1/2

[Event "France Jeunes Belfort 2017"]
[Site "Belfort"]
[Date "2017.04.19"]
[Round "5.1"]
[White "Nguyen-Cadoret, Nathan"]
[Black "Candelot, Clement"]
[Result "0-1"]
[WhiteElo "1930"]
[BlackElo "1839"]
[PlyCount "68"]
[EventDate "2017.??.??"]
[TimeControl "6000+1105"]
[WhiteClock "0:00:41"]
[BlackClock "0:03:35"]

1. d4 d5 2. c4 e5 3. dxe5 d4 4. Nf3 Nc6 5. a3 Nge7 6. g3 Ng6 7. Bg2 Ngxe5 8.
Nxe5 Nxe5 9. O-O Be7 10. Nd2 O-O 11. b4 Re8 12. Bb2 c6 13. Rc1 Be6 14. h3 Qd7
15. Kh2 a5 16. f4 Ng6 17. Nb3 axb4 18. axb4 Bxb4 19. Nxd4 f5 20. e4 Bc5 21.
Nxe6 Qxe6 22. Qc2 Ne7 23. Rfe1 Qf7 24. e5 Nc8 25. Qc3 Qe6 26. Bf3 Nb6 27. g4
Na4 28. Qc2 Qh6 29. g5 Qh4 30. Qxf5 Nxb2 31. Re2 Be3 32. Rcc2 Bxf4+ 33. Kg1
Qg3+ 34. Bg2 Ra1+ 0-1

[Event "France Jeunes Belfort 2017"]
[Site "Belfort"]
[Date "2017.04.19"]
[Round "5.1"]
[White "Retailleau, Elise"]
[Black "Leriche, Ines"]
[Result "1-0"]
[WhiteElo "1946"]
[BlackElo "2037"]
[PlyCount "73"]
[EventDate "2017.??.??"]
[TimeControl "6000+2635"]
[WhiteClock "0:21:29"]
[BlackClock "0:00:36"]

1. e4 c5 2. Nf3 g6 3. d4 cxd4 4. Nxd4 Nc6 5. c4 Bg7 6. Be3 Nf6 7. Nc3 O-O 8.
Be2 d6 9. O-O Nxd4 10. Bxd4 Bd7 11. Qd2 Bc6 12. f3 a5 13. b3 Nd7 14. Be3 Nc5
15. Rac1 e6 16. Rfd1 Be5 17. Bf1 Qe7 18. Nb5 b6 19. Bg5 f6 20. Be3 Bxb5 21.
cxb5 g5 22. g3 Qg7 23. Qg2 Rad8 24. Rc2 f5 25. f4 Bf6 26. exf5 exf5 27. Qd5+
Kh8 28. Qxf5 Bd4 29. Bxd4 Rxf5 30. Bxg7+ Kxg7 31. fxg5 Rxg5 32. Bc4 h5 33. Rf2
h4 34. Rf7+ Kg6 35. Rdf1 Nd7 36. Bd3+ Kh6 37. Rh7# 1-0